00769nam a2200181 a 450000100100000000500170001000800410002704000250006808200220009324500960011526000550021130000270026650400270029304900090032095201200032995201210044999900170057000003108820200930062709.0110613s2005 dr a 000 0 spa d aDO-SdBNPbspacBNPHU axxxxbG943 BORRAR00aGuía ciudadana paral el acceso a la información pública en la República Dominicana. aSanto Domingo :bParticipación Ciudadana,c2005. a27 cm. :bil. ;c18 p. aBibliografía : p. 28 aBNPD 0010718PDaPDbPDcCTd2011-06-13iLF1l0oxxxx G943 BORRARp31088-10r2020-06-25w2020-06-25yLFPDZNo se presta 00107-18PDaPDbPDcOId2011-06-13iLF1l0oxxxx G943 BORRARp31089-10r2020-06-25w2020-06-25yLFPDZNo se presta c30580d30580